History Quiz

Random History or Quote Quiz

Famous 20th Century Quotes Quiz Stats

 Plays Quiz Updated Apr 21, 2018

Score 0/35 Timer 07:00
0 Plays Today
% Correct
Martin Luther King, Jr.
98.1%
Nelson Mandela
96.4%
Henry Ford
94.5%
Richard Nixon
93.7%
Wilbur Wright
92.2%
Adolf Hitler
88.4%
Neil Armstrong
88.2%
Dalai Lama, Tenzin Gyatso
88.1%
Pablo Picasso
87.6%
Mao Zedong
87.4%
John Lennon
87.3%
Edward VIII
85.2%
John F. Kennedy
83.7%
Anne Frank
83.4%
Franklin D. Roosevelt
81.6%
Steve Jobs
80.9%
Hirohito
80.2%
Osama bin Laden
79.2%
% Correct
Fidel Castro
77.8%
Harry S. Truman
76.1%
J. Edgar Hoover
74.4%
Ronald Reagan
74%
Muhammad Ali
73.1%
Bill Clinton
72.7%
Joseph Stalin
69.8%
Ferdinand Marcos
68.3%
Elvis Presley
67.3%
Albert Einstein
67%
Tim Berners-Lee
65.7%
Jim Lovell
65.4%
Lou Gehrig
63.7%
Vladimir Lenin
62%
Woodrow Wilson
59.1%
Malcolm X
53.8%
Winston Churchill
52.1%

You're not logged in!

Compare scores with friends on all Sporcle quizzes.
OR
Log In

You Might Also Like...

Show Comments

Extras

Top Quizzes Today


Score Distribution

Your Account Isn't Verified!

In order to create a playlist on Sporcle, you need to verify the email address you used during registration. Go to your Sporcle Settings to finish the process.

Report this User

Report this user for behavior that violates our Community Guidelines.

Details: